000 004430000a22001810004500
003 MACL
005 20160120162302.0
008 160120b xxu||||| |||| 00| 0 eng d
040 _aMACL
_cMACL
041 _aEnglish
082 _a301/ATA
100 _aAjaz, S.M.
_933744
245 _aObjective Sociology
260 _bBright Careers Institute
_c2000
_aNew Delhi
350 _a250
650 _aSociology
_933745
942 _cBK
_k301/Aja
_2ddc
999 _c31649
_d31649